[Event "DEM U16w 2018"]
[Site "Willingen GER"]
[Date "2018.05.21"]
[Round "3"]
[White "Kühne, Maria"]
[Black "Könze, Heike"]
[Result "0-1"]
[Termination "normal"]
[Board "3"]
[WhiteElo "1614"]
[BlackElo "1803"]
[WhiteClock "00:13:27"]
[BlackClock "00:50:00"]
[PlyCount "68"]
[WhiteFideId "12997412"]
[BlackFideId "12964476"]
[EventCountry "GER"]
[EventRounds "9"]
[EventType "swiss"]
[EventDate "2018.05.19"]

1. e4 {[%clk 1:30:58]} 1... e6 {[%clk 1:30:51]} 2. d4 {[%clk 1:31:24]} 2... d5
{[%clk 1:31:16]} 3. exd5 {[%clk 1:31:45]} 3... exd5 {[%clk 1:31:38]} 4. Bd3 {
[%clk 1:32:07]} 4... Nf6 {[%clk 1:31:48]} 5. h3 {[%clk 1:31:10]} 5... Be6 {
[%clk 1:30:50]} 6. Qf3 {[%clk 1:31:17]} 6... Nc6 {[%clk 1:29:05]} 7. c3 { [%clk
1:31:35]} 7... Qd7 {[%clk 1:27:21]} 8. Ne2 {[%clk 1:31:03]} 8... Be7 { [%clk
1:26:35]} 9. Bf4 {[%clk 1:31:04]} 9... Rc8 {[%clk 1:22:47]} 10. Nd2 { [%clk
1:29:36]} 10... Bf5 {[%clk 1:21:14]} 11. O-O-O {[%clk 1:27:19]} 11... Bxd3
{[%clk 1:21:18]} 12. Qxd3 {[%clk 1:27:44]} 12... Na5 {[%clk 1:20:05]} 13. Ng3
{[%clk 1:24:08]} 13... O-O {[%clk 1:17:52]} 14. Nf5 {[%clk 1:20:53]} 14... Rfe8
{[%clk 1:18:10]} 15. g4 {[%clk 1:08:46]} 15... Qa4 {[%clk 1:18:02]} 16. Kb1
{[%clk 1:05:33]} 16... Bf8 {[%clk 1:15:34]} 17. Rde1 {[%clk 1:03:21]} 17...
Rxe1+ {[%clk 1:09:27]} 18. Rxe1 {[%clk 1:03:12]} 18... Re8 {[%clk 1:09:51]} 19.
Rg1 {[%clk 1:01:43]} 19... c5 {[%clk 1:06:44]} 20. Be5 {[%clk 1:00:35]} 20...
Nd7 {[%clk 1:06:06]} 21. Nf3 {[%clk 0:52:39]} 21... Nxe5 {[%clk 1:04:53]} 22.
Nxe5 {[%clk 0:49:02]} 22... cxd4 {[%clk 1:04:48]} 23. cxd4 {[%clk 0:49:13]}
23... Rc8 {[%clk 1:04:46]} 24. Ne3 {[%clk 0:46:55]} 24... f6 {[%clk 1:04:01]}
25. Nf3 {[%clk 0:47:16]} 25... Nc4 {[%clk 1:02:50]} 26. Nxc4 {[%clk 0:34:26]}
26... dxc4 {[%clk 1:01:44]} 27. Qf5 {[%clk 0:32:54]} 27... Rc6 {[%clk 1:01:03]}
28. Qc2 {[%clk 0:26:15]} 28... Qb5 {[%clk 0:59:37]} 29. Qc3 {[%clk 0:21:12]}
29... Bb4 {[%clk 0:53:41]} 30. Qc2 {[%clk 0:18:33]} 30... a5 {[%clk 0:52:00]}
31. Ka1 {[%clk 0:15:29]} 31... Qd5 {[%clk 0:51:49]} 32. Nh4 {[%clk 0:14:16]}
32... Qxd4 {[%clk 0:50:26]} 33. Nf5 {[%clk 0:13:30]} 33... Qd3 {[%clk 0:49:43]}
34. Ne7+ {[%clk 0:13:27]} 34... Bxe7 {[%clk 0:50:00]} 0-1

[Event "DEM U16w 2018"]
[Site "Willingen GER"]
[Date "2018.05.21"]
[Round "3"]
[White "Müdder, Melanie"]
[Black "Gauchel, Verena"]
[Result "1/2-1/2"]
[Termination "normal"]
[Board "4"]
[WhiteElo "1871"]
[BlackElo "1502"]
[WhiteClock "00:11:54"]
[BlackClock "00:12:17"]
[PlyCount "134"]
[WhiteFideId "12994103"]
[BlackFideId "12988537"]
[EventCountry "GER"]
[EventRounds "9"]
[EventType "swiss"]
[EventDate "2018.05.19"]

1. e4 {[%clk 1:30:58]} 1... c5 {[%clk 1:30:57]} 2. Nf3 {[%clk 1:31:23]} 2...
Nc6 {[%clk 1:31:20]} 3. d4 {[%clk 1:31:45]} 3... cxd4 {[%clk 1:31:35]} 4. Nxd4
{[%clk 1:32:06]} 4... Nf6 {[%clk 1:31:15]} 5. Nc3 {[%clk 1:32:23]} 5... e5 {
[%clk 1:31:22]} 6. Ndb5 {[%clk 1:32:41]} 6... d6 {[%clk 1:31:30]} 7. Bg5 {
[%clk 1:32:44]} 7... a6 {[%clk 1:31:29]} 8. Na3 {[%clk 1:33:03]} 8... b5 {
[%clk 1:31:40]} 9. Nd5 {[%clk 1:33:18]} 9... Be7 {[%clk 1:31:21]} 10. Bxf6 {
[%clk 1:33:21]} 10... Bxf6 {[%clk 1:31:40]} 11. c3 {[%clk 1:33:17]} 11... O-O {
[%clk 1:31:11]} 12. Nc2 {[%clk 1:33:08]} 12... Bg5 {[%clk 1:30:17]} 13. h4 {
[%clk 1:32:45]} 13... Bf6 {[%clk 1:26:48]} 14. Nce3 {[%clk 1:26:42]} 14... h6 {
[%clk 1:24:39]} 15. g3 {[%clk 1:24:57]} 15... Rb8 {[%clk 1:14:22]} 16. Bg2 {
[%clk 1:13:10]} 16... Be7 {[%clk 1:08:49]} 17. O-O {[%clk 1:08:40]} 17... Be6 {
[%clk 1:06:50]} 18. a4 {[%clk 1:00:16]} 18... Qd7 {[%clk 1:01:01]} 19. axb5 {
[%clk 0:55:57]} 19... axb5 {[%clk 1:00:06]} 20. Ra6 {[%clk 0:54:15]} 20... Bd8
{[%clk 0:44:58]} 21. Nf5 {[%clk 0:38:50]} 21... Bxf5 {[%clk 0:39:15]} 22. exf5
{[%clk 0:39:02]} 22... Ne7 {[%clk 0:37:26]} 23. f6 {[%clk 0:36:02]} 23... Nxd5
{[%clk 0:34:14]} 24. fxg7 {[%clk 0:34:38]} 24... Kxg7 {[%clk 0:33:03]} 25. Qxd5
{[%clk 0:33:25]} 25... Be7 {[%clk 0:31:09]} 26. Rd1 {[%clk 0:30:31]} 26... Rfc8
{[%clk 0:24:06]} 27. Qxe5+ {[%clk 0:28:07]} 27... f6 {[%clk 0:15:37]} 28. Qe3 {
[%clk 0:25:12]} 28... Rc7 {[%clk 0:11:50]} 29. Qf4 {[%clk 0:19:50]} 29... Qe8 {
[%clk 0:09:44]} 30. Be4 {[%clk 0:16:53]} 30... Qh5 {[%clk 0:08:59]} 31. Bf3 {
[%clk 0:15:47]} 31... Qf7 {[%clk 0:08:30]} 32. Qg4+ {[%clk 0:13:40]} 32... Qg6
{[%clk 0:08:14]} 33. Rd4 {[%clk 0:11:35]} 33... Qxg4 {[%clk 0:06:42]} 34. Rxg4+
{[%clk 0:11:35]} 34... Kh8 {[%clk 0:06:03]} 35. Bd5 {[%clk 0:09:05]} 35... Rc5
{[%clk 0:05:26]} 36. Ra8 {[%clk 0:07:10]} 36... Rcc8 {[%clk 0:04:20]} 37. Rxb8
{[%clk 0:06:50]} 37... Rxb8 {[%clk 0:04:45]} 38. Rb4 {[%clk 0:06:15]} 38... Rb6
{[%clk 0:03:34]} 39. Bc4 {[%clk 0:03:54]} 39... d5 {[%clk 0:00:48]} 40. Rxb5 {
[%clk 0:03:55]} 40... Rxb5 {[%clk 0:00:44]} 41. Bxb5 {[%clk 0:04:18]} 41... Bc5
{[%clk 0:00:54]} 42. b4 {[%clk 0:29:40]} 42... Bb6 {[%clk 0:30:21]} 43. Bc6 {
[%clk 0:28:52]} 43... d4 {[%clk 0:29:53]} 44. cxd4 {[%clk 0:28:56]} 44... Bxd4
{[%clk 0:30:18]} 45. Kf1 {[%clk 0:28:48]} 45... Kg7 {[%clk 0:30:26]} 46. h5 {
[%clk 0:24:40]} 46... Kf7 {[%clk 0:25:53]} 47. g4 {[%clk 0:22:25]} 47... Ke6 {
[%clk 0:24:47]} 48. f3 {[%clk 0:21:25]} 48... Ke5 {[%clk 0:22:21]} 49. Be4 {
[%clk 0:19:18]} 49... Bb6 {[%clk 0:20:43]} 50. Ke2 {[%clk 0:18:05]} 50... Kd4 {
[%clk 0:19:59]} 51. b5 {[%clk 0:18:13]} 51... Ba5 {[%clk 0:17:26]} 52. Kf2 {
[%clk 0:17:18]} 52... Bc7 {[%clk 0:17:06]} 53. Ba8 {[%clk 0:15:54]} 53... Kc5 {
[%clk 0:15:54]} 54. Ke3 {[%clk 0:14:56]} 54... Kxb5 {[%clk 0:15:00]} 55. Ke4 {
[%clk 0:15:13]} 55... Kc5 {[%clk 0:12:45]} 56. Kf5 {[%clk 0:15:15]} 56... Kd4 {
[%clk 0:10:46]} 57. Kxf6 {[%clk 0:12:54]} 57... Bf4 {[%clk 0:10:04]} 58. Kf5 {
[%clk 0:11:41]} 58... Ke3 {[%clk 0:10:17]} 59. Be4 {[%clk 0:11:35]} 59... Bg5 {
[%clk 0:10:20]} 60. Ke5 {[%clk 0:11:02]} 60... Bf4+ {[%clk 0:10:23]} 61. Kf6 {
[%clk 0:10:58]} 61... Bg5+ {[%clk 0:10:25]} 62. Ke6 {[%clk 0:10:45]} 62... Bf4
{[%clk 0:10:31]} 63. Kf6 {[%clk 0:10:50]} 63... Bg5+ {[%clk 0:10:52]} 64. Kf5 {
[%clk 0:11:10]} 64... Bf4 {[%clk 0:11:11]} 65. Kg6 {[%clk 0:11:05]} 65... Bg5 {
[%clk 0:11:31]} 66. Kf5 {[%clk 0:11:29]} 66... Bf4 {[%clk 0:11:54]} 67. Kg6 {
[%clk 0:11:54]} 67... Bg5 {[%clk 0:12:17]} 1/2-1/2

[Event "DEM U16w 2018"]
[Site "Willingen GER"]
[Date "2018.05.21"]
[Round "3"]
[White "Ziegenfuß, Larissa"]
[Black "Mönster, Madita"]
[Result "0-1"]
[Termination "normal"]
[Board "5"]
[WhiteElo "1671"]
[BlackElo "1857"]
[WhiteClock "00:07:03"]
[BlackClock "00:18:05"]
[PlyCount "52"]
[WhiteFideId "12974722"]
[BlackFideId "12947156"]
[EventCountry "GER"]
[EventRounds "9"]
[EventType "swiss"]
[EventDate "2018.05.19"]

1. e4 {[%clk 1:30:58]} 1... c5 {[%clk 1:30:51]} 2. Nf3 {[%clk 1:31:23]} 2... d6
{[%clk 1:31:06]} 3. c3 {[%clk 1:31:45]} 3... Nf6 {[%clk 1:30:52]} 4. Bd3 {
[%clk 1:32:04]} 4... Nc6 {[%clk 1:28:01]} 5. Bc2 {[%clk 1:32:28]} 5... Bg4 {
[%clk 1:27:29]} 6. h3 {[%clk 1:31:49]} 6... Bh5 {[%clk 1:26:59]} 7. d3 { [%clk
1:30:49]} 7... e6 {[%clk 1:26:01]} 8. Be3 {[%clk 1:28:57]} 8... Be7 { [%clk
1:24:04]} 9. Nbd2 {[%clk 1:28:18]} 9... O-O {[%clk 1:22:50]} 10. O-O { [%clk
1:26:37]} 10... d5 {[%clk 1:19:10]} 11. exd5 {[%clk 1:19:50]} 11... exd5 {[%clk
1:18:58]} 12. d4 {[%clk 1:11:47]} 12... cxd4 {[%clk 1:15:39]} 13. cxd4 { [%clk
1:12:08]} 13... Qb6 {[%clk 1:03:46]} 14. Nb3 {[%clk 1:03:56]} 14... Ne4 { [%clk
0:55:49]} 15. Bxe4 {[%clk 0:36:35]} 15... dxe4 {[%clk 0:55:40]} 16. d5 { [%clk
0:35:55]} 16... Qc7 {[%clk 0:50:08]} 17. dxc6 {[%clk 0:35:01]} 17... exf3
{[%clk 0:48:57]} 18. g3 {[%clk 0:32:29]} 18... Qxc6 {[%clk 0:47:16]} 19. Qc1 {
[%clk 0:24:21]} 19... Qe6 {[%clk 0:44:17]} 20. Kh2 {[%clk 0:22:53]} 20... Rac8
{[%clk 0:37:17]} 21. Qd2 {[%clk 0:21:26]} 21... Rfd8 {[%clk 0:35:13]} 22. Qa5 {
[%clk 0:19:52]} 22... Rd5 {[%clk 0:26:16]} 23. Qxa7 {[%clk 0:18:27]} 23... Bg4
{[%clk 0:21:49]} 24. Nd4 {[%clk 0:12:08]} 24... Qd7 {[%clk 0:20:29]} 25. hxg4 {
[%clk 0:08:50]} 25... Qxg4 {[%clk 0:18:46]} 26. Kg1 {[%clk 0:07:03]} 26... Rh5
{[%clk 0:18:05]} 0-1

[Event "DEM U16w 2018"]
[Site "Willingen GER"]
[Date "2018.05.21"]
[Round "3"]
[White "Fock, Amina"]
[Black "Wong, Kar Yan"]
[Result "1/2-1/2"]
[Termination "normal"]
[Board "6"]
[WhiteElo "1789"]
[BlackElo "1746"]
[WhiteClock "00:28:21"]
[BlackClock "00:50:32"]
[PlyCount "67"]
[WhiteFideId "12981982"]
[BlackFideId "12971855"]
[EventCountry "GER"]
[EventRounds "9"]
[EventType "swiss"]
[EventDate "2018.05.19"]

1. e4 {[%clk 1:30:58]} 1... c5 {[%clk 1:30:54]} 2. Nc3 {[%clk 1:31:24]} 2... d6
{[%clk 1:29:23]} 3. f4 {[%clk 1:31:41]} 3... g6 {[%clk 1:25:26]} 4. Nf3 { [%clk
1:31:56]} 4... Bg7 {[%clk 1:25:19]} 5. Bb5+ {[%clk 1:31:13]} 5... Bd7 { [%clk
1:25:18]} 6. Bc4 {[%clk 1:31:07]} 6... e6 {[%clk 1:25:11]} 7. O-O { [%clk
1:30:10]} 7... Nc6 {[%clk 1:25:17]} 8. d3 {[%clk 1:29:43]} 8... Nge7 { [%clk
1:25:28]} 9. f5 {[%clk 1:26:40]} 9... gxf5 {[%clk 1:24:42]} 10. Ng5 { [%clk
1:25:49]} 10... h6 {[%clk 1:13:35]} 11. Nxf7 {[%clk 1:13:58]} 11... Kxf7 {[%clk
1:13:37]} 12. exf5 {[%clk 1:14:19]} 12... Bd4+ {[%clk 1:03:53]} 13. Kh1 {[%clk
1:11:53]} 13... Kg7 {[%clk 1:03:04]} 14. Qg4+ {[%clk 0:57:49]} 14... Kh7 {[%clk
1:03:14]} 15. Qh5 {[%clk 0:57:56]} 15... Bg7 {[%clk 1:03:30]} 16. f6 { [%clk
0:54:39]} 16... Qe8 {[%clk 0:59:39]} 17. Qxe8 {[%clk 0:51:42]} 17... Raxe8
{[%clk 0:59:55]} 18. fxg7 {[%clk 0:51:57]} 18... Kxg7 {[%clk 1:00:17]} 19. Ne4
{[%clk 0:46:39]} 19... d5 {[%clk 0:59:45]} 20. Nxc5 {[%clk 0:46:57]} 20... dxc4
{[%clk 1:00:01]} 21. Nxd7 {[%clk 0:47:18]} 21... b6 {[%clk 0:59:50]} 22. Nf6
{[%clk 0:43:43]} 22... Ref8 {[%clk 0:58:22]} 23. Nh5+ {[%clk 0:43:57]} 23...
Kh7 {[%clk 0:58:32]} 24. Bd2 {[%clk 0:42:49]} 24... cxd3 {[%clk 0:57:49]} 25.
Bc3 {[%clk 0:40:27]} 25... Rxf1+ {[%clk 0:53:26]} 26. Rxf1 {[%clk 0:40:49]}
26... Rd8 {[%clk 0:53:46]} 27. cxd3 {[%clk 0:39:12]} 27... Rxd3 {[%clk 0:53:49]
} 28. g4 {[%clk 0:39:15]} 28... Nd5 {[%clk 0:52:52]} 29. Nf6+ {[%clk 0:35:28]}
29... Nxf6 {[%clk 0:50:29]} 30. Rxf6 {[%clk 0:35:42]} 30... Nd4 {[%clk 0:50:45]
} 31. Bxd4 {[%clk 0:33:11]} 31... Rxd4 {[%clk 0:51:06]} 32. Rxe6 { [%clk
0:33:33]} 32... Rxg4 {[%clk 0:51:16]} 33. b3 {[%clk 0:30:48]} 33... Rg7 { [%clk
0:50:32]} 34. h3 {[%clk 0:28:21]} 1/2-1/2

[Event "DEM U16w 2018"]
[Site "Willingen GER"]
[Date "2018.05.21"]
[Round "3"]
[White "Flach, Helene"]
[Black "Voß, Henrike"]
[Result "1/2-1/2"]
[Termination "normal"]
[Board "7"]
[WhiteElo "1891"]
[BlackElo "1577"]
[WhiteClock "00:02:10"]
[BlackClock "00:05:12"]
[PlyCount "78"]
[WhiteFideId "12929735"]
[BlackFideId "12971910"]
[EventCountry "GER"]
[EventRounds "9"]
[EventType "swiss"]
[EventDate "2018.05.19"]

1. e4 {[%clk 1:30:58]} 1... e5 {[%clk 1:30:53]} 2. Nf3 {[%clk 1:31:23]} 2...
Nc6 {[%clk 1:31:16]} 3. Bc4 {[%clk 1:31:47]} 3... g6 {[%clk 1:31:39]} 4. O-O {
[%clk 1:20:44]} 4... Bg7 {[%clk 1:31:51]} 5. c3 {[%clk 1:17:39]} 5... d6 {
[%clk 1:31:24]} 6. Re1 {[%clk 1:14:04]} 6... Nge7 {[%clk 1:29:02]} 7. d4 {
[%clk 1:10:38]} 7... O-O {[%clk 1:27:07]} 8. h3 {[%clk 1:10:10]} 8... h6 {
[%clk 1:26:56]} 9. Bb3 {[%clk 1:08:06]} 9... Kh7 {[%clk 1:20:04]} 10. Bc2 {
[%clk 0:55:19]} 10... Nb8 {[%clk 1:16:28]} 11. Nbd2 {[%clk 0:47:01]} 11... Nd7
{[%clk 1:16:37]} 12. Nf1 {[%clk 0:42:19]} 12... a5 {[%clk 1:08:12]} 13. a4 {
[%clk 0:40:07]} 13... c5 {[%clk 0:52:15]} 14. Ne3 {[%clk 0:37:37]} 14... cxd4 {
[%clk 0:42:59]} 15. cxd4 {[%clk 0:37:58]} 15... Nc6 {[%clk 0:39:42]} 16. dxe5 {
[%clk 0:35:55]} 16... dxe5 {[%clk 0:38:18]} 17. Nd5 {[%clk 0:34:48]} 17... Nb6
{[%clk 0:34:16]} 18. Bb3 {[%clk 0:33:19]} 18... f5 {[%clk 0:30:43]} 19. Be3 {
[%clk 0:30:13]} 19... Nxd5 {[%clk 0:26:52]} 20. exd5 {[%clk 0:30:07]} 20... e4
{[%clk 0:25:14]} 21. dxc6 {[%clk 0:21:34]} 21... Qxd1 {[%clk 0:24:35]} 22. Bxd1
{[%clk 0:21:01]} 22... exf3 {[%clk 0:23:05]} 23. Bxf3 {[%clk 0:21:26]} 23...
bxc6 {[%clk 0:23:00]} 24. Rab1 {[%clk 0:19:51]} 24... Ba6 {[%clk 0:20:07]} 25.
Bc5 {[%clk 0:12:24]} 25... Rfe8 {[%clk 0:16:53]} 26. Rxe8 {[%clk 0:09:50]}
26... Rxe8 {[%clk 0:17:16]} 27. b3 {[%clk 0:07:50]} 27... Bd3 {[%clk 0:17:02]}
28. Rd1 {[%clk 0:06:13]} 28... Bc2 {[%clk 0:16:38]} 29. Rd7 {[%clk 0:06:03]}
29... Bxb3 {[%clk 0:15:53]} 30. Bd4 {[%clk 0:06:10]} 30... Rg8 {[%clk 0:15:11]}
31. Bxc6 {[%clk 0:06:28]} 31... Kh8 {[%clk 0:14:46]} 32. Rxg7 {[%clk 0:06:06]}
32... Rxg7 {[%clk 0:15:04]} 33. Kf1 {[%clk 0:06:18]} 33... Kg8 {[%clk 0:14:52]}
34. Bxg7 {[%clk 0:06:44]} 34... Kxg7 {[%clk 0:15:18]} 35. Ke2 {[%clk 0:06:04]}
35... Kf6 {[%clk 0:13:39]} 36. f4 {[%clk 0:04:29]} 36... Ke6 {[%clk 0:12:04]}
37. Kd3 {[%clk 0:04:09]} 37... Bd5 {[%clk 0:06:26]} 38. Bxd5+ {[%clk 0:03:13]}
38... Kxd5 {[%clk 0:06:50]} 39. g3 {[%clk 0:02:10]} 39... h5 {[%clk 0:05:12]}
1/2-1/2

[Event "DEM U16w 2018"]
[Site "Willingen GER"]
[Date "2018.05.21"]
[Round "3"]
[White "Ehmann, Johanna"]
[Black "Naumenko, Valerija"]
[Result "1/2-1/2"]
[Termination "normal"]
[Board "8"]
[WhiteElo "1899"]
[BlackElo "1611"]
[WhiteClock "00:16:59"]
[BlackClock "00:24:26"]
[PlyCount "116"]
[WhiteFideId "12953130"]
[BlackFideId "16222890"]
[EventCountry "GER"]
[EventRounds "9"]
[EventType "swiss"]
[EventDate "2018.05.19"]

1. e4 {[%clk 1:30:56]} 1... e5 {[%clk 1:30:56]} 2. Nf3 {[%clk 1:31:20]} 2...
Nc6 {[%clk 1:31:22]} 3. Bc4 {[%clk 1:31:38]} 3... Bc5 {[%clk 1:31:41]} 4. c3 {
[%clk 1:31:58]} 4... Nf6 {[%clk 1:32:06]} 5. d4 {[%clk 1:32:18]} 5... exd4 {
[%clk 1:32:30]} 6. cxd4 {[%clk 1:32:39]} 6... Bb4+ {[%clk 1:32:55]} 7. Kf1 {
[%clk 1:32:51]} 7... d6 {[%clk 0:38:44]} 8. Qb3 {[%clk 1:26:52]} 8... Ba5 {
[%clk 0:36:16]} 9. Bxf7+ {[%clk 1:22:01]} 9... Kf8 {[%clk 0:36:41]} 10. e5 {
[%clk 1:13:04]} 10... dxe5 {[%clk 0:33:56]} 11. dxe5 {[%clk 1:09:58]} 11... Ne4
{[%clk 0:30:55]} 12. Bd5 {[%clk 1:00:06]} 12... Bf5 {[%clk 0:28:25]} 13. Be3 {
[%clk 0:43:00]} 13... Ne7 {[%clk 0:21:19]} 14. Bxe4 {[%clk 0:35:37]} 14... Bxe4
{[%clk 0:21:41]} 15. Nd4 {[%clk 0:34:38]} 15... Bd5 {[%clk 0:20:34]} 16. Qc2 {
[%clk 0:30:45]} 16... Bb6 {[%clk 0:19:10]} 17. Nf3 {[%clk 0:19:53]} 17... Bxe3
{[%clk 0:18:07]} 18. fxe3 {[%clk 0:19:54]} 18... Bxf3 {[%clk 0:13:42]} 19. gxf3
{[%clk 0:20:14]} 19... Qd5 {[%clk 0:14:01]} 20. Kf2 {[%clk 0:15:21]} 20... Qxe5
{[%clk 0:13:56]} 21. Nc3 {[%clk 0:14:48]} 21... Nf5 {[%clk 0:08:21]} 22. Qe4 {
[%clk 0:12:36]} 22... Qxe4 {[%clk 0:04:10]} 23. Nxe4 {[%clk 0:12:23]} 23... Ke7
{[%clk 0:04:15]} 24. Rac1 {[%clk 0:10:59]} 24... Rac8 {[%clk 0:04:20]} 25. Rc5
{[%clk 0:10:18]} 25... Nd6 {[%clk 0:02:09]} 26. Re5+ {[%clk 0:09:09]} 26... Kf7
{[%clk 0:01:45]} 27. Rg1 {[%clk 0:04:29]} 27... h6 {[%clk 0:01:01]} 28. Rd1 {
[%clk 0:03:14]} 28... Rhd8 {[%clk 0:00:36]} 29. Rd4 {[%clk 0:01:37]} 29... b6 {
[%clk 0:00:46]} 30. Nxd6+ {[%clk 0:01:07]} 30... Rxd6 {[%clk 0:01:11]} 31. Red5
{[%clk 0:01:17]} 31... Rcd8 {[%clk 0:01:07]} 32. Rxd6 {[%clk 0:01:19]} 32...
Rxd6 {[%clk 0:01:33]} 33. Rxd6 {[%clk 0:01:35]} 33... cxd6 {[%clk 0:02:00]} 34.
e4 {[%clk 0:01:23]} 34... Ke6 {[%clk 0:02:13]} 35. Ke3 {[%clk 0:01:36]} 35...
g5 {[%clk 0:01:58]} 36. Kd4 {[%clk 0:00:55]} 36... h5 {[%clk 0:01:45]} 37. h3 {
[%clk 0:00:47]} 37... a6 {[%clk 0:01:57]} 38. a3 {[%clk 0:00:38]} 38... b5 {
[%clk 0:02:09]} 39. b3 {[%clk 0:00:44]} 39... a5 {[%clk 0:02:04]} 40. a4 {
[%clk 0:00:41]} 40... bxa4 {[%clk 0:01:45]} 41. bxa4 {[%clk 0:01:05]} 41... h4
{[%clk 0:02:09]} 42. Kc4 {[%clk 0:30:13]} 42... Ke5 {[%clk 0:32:05]} 43. Kb5 {
[%clk 0:27:30]} 43... Kf4 {[%clk 0:29:01]} 44. Kxa5 {[%clk 0:26:54]} 44... Kg3
{[%clk 0:27:43]} 45. Kb5 {[%clk 0:25:23]} 45... Kxh3 {[%clk 0:27:55]} 46. a5 {
[%clk 0:25:32]} 46... Kg3 {[%clk 0:27:46]} 47. a6 {[%clk 0:25:14]} 47... h3 {
[%clk 0:28:08]} 48. a7 {[%clk 0:25:12]} 48... h2 {[%clk 0:28:29]} 49. a8=Q {
[%clk 0:25:24]} 49... h1=Q {[%clk 0:28:52]} 50. Qd5 {[%clk 0:22:15]} 50... Qxf3
{[%clk 0:27:11]} 51. Qxg5+ {[%clk 0:20:52]} 51... Qg4 {[%clk 0:23:33]} 52. Qe3+
{[%clk 0:17:18]} 52... Qf3 {[%clk 0:22:55]} 53. Qg5+ {[%clk 0:17:01]} 53... Qg4
{[%clk 0:23:03]} 54. Qxg4+ {[%clk 0:16:40]} 54... Kxg4 {[%clk 0:23:26]} 55. Kc4
{[%clk 0:16:12]} 55... Kf4 {[%clk 0:23:47]} 56. Kd4 {[%clk 0:16:22]} 56... Kf3
{[%clk 0:24:05]} 57. Kd5 {[%clk 0:16:36]} 57... Kf4 {[%clk 0:24:26]} 58. Kxd6 {
[%clk 0:16:59]} 58... Kxe4 1/2-1/2

[Event "DEM U16w 2018"]
[Site "Willingen GER"]
[Date "2018.05.21"]
[Round "3"]
[White "Mundt, Alexandra"]
[Black "Schiewe, Nadin"]
[Result "1-0"]
[Termination "normal"]
[Board "9"]
[WhiteElo "1578"]
[BlackElo "1598"]
[WhiteClock "00:26:38"]
[BlackClock "00:37:13"]
[PlyCount "95"]
[WhiteFideId "16217276"]
[BlackFideId "16209079"]
[EventCountry "GER"]
[EventRounds "9"]
[EventType "swiss"]
[EventDate "2018.05.19"]

1. Nf3 {[%clk 1:30:58]} 1... d5 {[%clk 1:30:31]} 2. c4 {[%clk 1:31:22]} 2... e6
{[%clk 1:30:25]} 3. d4 {[%clk 1:31:22]} 3... Nf6 {[%clk 1:30:13]} 4. e3 { [%clk
1:30:20]} 4... b6 {[%clk 1:29:21]} 5. Nbd2 {[%clk 1:27:41]} 5... Bb7 { [%clk
1:28:30]} 6. g3 {[%clk 1:27:23]} 6... Nbd7 {[%clk 1:27:17]} 7. Bg2 { [%clk
1:24:10]} 7... Bd6 {[%clk 1:26:01]} 8. b3 {[%clk 1:19:43]} 8... O-O { [%clk
1:24:46]} 9. Bb2 {[%clk 1:15:26]} 9... Qe7 {[%clk 1:22:38]} 10. O-O { [%clk
1:10:40]} 10... c5 {[%clk 1:20:08]} 11. Ne5 {[%clk 1:06:37]} 11... Rac8 { [%clk
1:18:30]} 12. Re1 {[%clk 1:01:32]} 12... Rfd8 {[%clk 1:16:03]} 13. Qe2 { [%clk
0:57:17]} 13... Ne4 {[%clk 1:08:12]} 14. Nxd7 {[%clk 0:45:38]} 14... Rxd7
{[%clk 1:03:28]} 15. Nxe4 {[%clk 0:44:11]} 15... dxe4 {[%clk 1:03:10]} 16. Red1
{[%clk 0:43:57]} 16... Rcd8 {[%clk 1:00:55]} 17. Rd2 {[%clk 0:30:29]} 17...
cxd4 {[%clk 0:54:05]} 18. exd4 {[%clk 0:30:26]} 18... f5 {[%clk 0:51:45]} 19.
Rc1 {[%clk 0:23:33]} 19... Kf8 {[%clk 0:41:30]} 20. Rdc2 {[%clk 0:20:03]} 20...
Rc8 {[%clk 0:39:23]} 21. Qh5 {[%clk 0:14:29]} 21... g6 {[%clk 0:35:41]} 22.
Qh6+ {[%clk 0:09:08]} 22... Qg7 {[%clk 0:35:03]} 23. Qxg7+ {[%clk 0:08:48]}
23... Rxg7 {[%clk 0:32:37]} 24. c5 {[%clk 0:08:39]} 24... bxc5 {[%clk 0:29:20]}
25. dxc5 {[%clk 0:09:00]} 25... Rgc7 {[%clk 0:29:37]} 26. Ba3 {[%clk 0:07:03]}
26... Be7 {[%clk 0:28:49]} 27. Bf1 {[%clk 0:06:04]} 27... Kf7 {[%clk 0:25:02]}
28. b4 {[%clk 0:05:06]} 28... a6 {[%clk 0:24:01]} 29. Bb2 {[%clk 0:05:06]}
29... Bg5 {[%clk 0:20:43]} 30. Rd1 {[%clk 0:03:38]} 30... Rd8 {[%clk 0:18:00]}
31. Rxd8 {[%clk 0:03:11]} 31... Bxd8 {[%clk 0:18:25]} 32. Rd2 {[%clk 0:03:31]}
32... Bf6 {[%clk 0:16:55]} 33. Bxf6 {[%clk 0:03:33]} 33... Kxf6 {[%clk 0:17:21]
} 34. Rd6 {[%clk 0:03:47]} 34... a5 {[%clk 0:16:51]} 35. a3 {[%clk 0:02:30]}
35... axb4 {[%clk 0:15:27]} 36. axb4 {[%clk 0:02:53]} 36... Ke7 {[%clk 0:15:16]
} 37. Bc4 {[%clk 0:01:58]} 37... Rc6 {[%clk 0:10:36]} 38. Rxc6 {[%clk 0:01:24]}
38... Bxc6 {[%clk 0:11:01]} 39. b5 {[%clk 0:01:24]} 39... Bd5 {[%clk 0:09:46]}
40. b6 {[%clk 0:00:55]} 40... Bb7 {[%clk 0:07:57]} 41. Bb5 {[%clk 0:00:37]}
41... Kd8 {[%clk 0:05:58]} 42. c6 {[%clk 0:29:45]} 42... Bc8 {[%clk 0:36:10]}
43. b7 {[%clk 0:24:56]} 43... Bxb7 {[%clk 0:36:32]} 44. cxb7 {[%clk 0:25:22]}
44... Kc7 {[%clk 0:36:57]} 45. Bc4 {[%clk 0:25:47]} 45... Kxb7 {[%clk 0:36:49]}
46. Bxe6 {[%clk 0:26:08]} 46... Kc6 {[%clk 0:37:04]} 47. Bg8 {[%clk 0:26:30]}
47... h6 {[%clk 0:37:13]} 48. Bh7 {[%clk 0:26:38]} 1-0